000 00342pab a2200133 454500
008 180718b xxu||||| |||| 00| 0 eng d
100 _aTripp, H.Alker
245 _aPolice and public: a new test of police quality
650 _a Public
650 _a Police
650 _aPolice-Community Relations
773 _aPolice Journal
909 _a23165
999 _c23165
_d23165